Formulation and characterization of innovative dermal foam systems

Elmentve itt :
Bibliográfiai részletek
Szerző: Falusi Fanni
További közreműködők: Kovács Anita (Témavezető)
Berkó Szilvia (Témavezető)
Dokumentumtípus: Disszertáció
Megjelent: 2024-06-17
Tárgyszavak:
doi:10.14232/phd.12160

mtmt:35778926
Online Access:http://doktori.ek.szte.hu/12160
LEADER 01129nta a2200265 i 4500
001 dokt12160
005 20250221161423.0
008 240419s2024 hu om 000 eng d
024 7 |a 10.14232/phd.12160  |2 doi 
024 7 |a 35778926  |2 mtmt 
040 |a SZTE Doktori Repozitórium  |b hun 
041 |a eng 
100 1 |a Falusi Fanni 
245 1 0 |a Formulation and characterization of innovative dermal foam systems  |h [elektronikus dokumentum] /  |c  Falusi Fanni 
246 1 0 |a Innovatív dermális habrendszerek formulálása és vizsgálata  |h [elektronikus dokumentum] 
260 |c 2024-06-17 
300 |a 50 
502 |a Disszertacio 
650 4 |a gyógyszerészeti tudományok 
650 4 |a Orvos- és egészségtudomány 
700 0 1 |a Kovács Anita  |e ths 
700 0 1 |a Berkó Szilvia  |e ths 
856 4 0 |u https://doktori.bibl.u-szeged.hu/id/eprint/12160/1/Disszert%C3%A1ci%C3%B3_FF.pdf  |z Dokumentum-elérés  
856 4 0 |u https://doktori.bibl.u-szeged.hu/id/eprint/12160/2/Thesis%20booklet_ENG_FF.pdf  |z Dokumentum-elérés  
856 4 0 |u https://doktori.bibl.u-szeged.hu/id/eprint/12160/3/T%C3%A9zisf%C3%BCzet_HUN_FF.pdf  |z Dokumentum-elérés